Open Data Biblioteca Nacional de Portugal


República Portuguesa: Ministério da Cultura
Biblioteca Nacional de Portugal

Catálogo da BNP: acesso por Identificadores Unívocos
Registos Bibliográficos associados ao registo de autoridade

Etiqueta de registo: 00000nam 2200025 450
001 2033777
003 http://id.bnportugal.gov.pt/bib/catbnp/2033777
010 ## $a978-989-8938-23-7
021 ## $aPT$b460983/19
100 ## $a20191118d2019 m y0pory01030103ba
101 0# $apor
102 ## $aPT
105 ## $ay z 000ay
106 ## $ar
200 1# $aMarés de setembro$fPedro chambel
205 ## $a1ª ed
210 #9 $aLisboa$cGato-Bravo,$d2019
215 ## $a411, [1] p.$d21 cm
675 ## $a821.134.3-31"20"$vBN$zpor$31044234
675 ## $a7.079$vBN$zpor$31710579
700 #1 $aChambel,$bPedro,$f1961-$31768637
801 #0 $aPT$bBN$gRPC
856 41 $uhttp://rnod.bnportugal.gov.pt/ImagesBN/winlibimg.aspx?skey=&doc=2033777&img=132910&save=true
900 ## $aBIBNAC$d20191216
966 ## $lBN$mFGMON$sL. 150074 V.$x1
966 ## $lBN$mFGMON$sL. 150074 V.- D $x1

Etiqueta de registo: 00000nam 2200025 450
001 2171494
003 http://id.bnportugal.gov.pt/bib/catbnp/2171494
010 ## $a978-989-9069-52-7
021 ## $aPT$b532812/24
100 ## $a20240702d2024 m y0pory01030103ba
101 0# $apor
102 ## $aPT
105 ## $ay z 000gy
106 ## $ar
200 1# $a A jornada para Hidaspes$fPedro Chambel
205 ## $a1ª ed
210 #9 $aLisboa$cGato-Bravo,$d2024
215 ## $a92, [2] p.$d21 cm
675 ## $a821.134.3-1"20"$vBN$zpor$31023893
700 #1 $aChambel,$bPedro,$f1961-$31768637
801 #0 $aPT$bBN$gRPC
856 41 $uhttp://rnod.bnportugal.gov.pt/ImagesBN/winlibimg.aspx?skey=&doc=2171494&img=195552&save=true
900 ## $aBIBNAC$d20240806
966 ## $lBN$mFGMON$sL. 171842 V.$x1
966 ## $lBN$mFGMON$sL. 171842 V.-D$x1
971 ## $corlando$d20240702
972 ## $e0$z0$d20240806$vmsebas
973 ## $cacosta$d20240708
975 ## $e0$d20240807$viraminhos

Etiqueta de registo: 00000nam 2200025 450
001 2287334
003 http://id.bnportugal.gov.pt/bib/catbnp/2287334
010 ## $a978-989-9069-85-5
021 ## $aPT$b564423/26
100 ## $a20260601d2026 m y0pory01030103ba
101 0# $apor
102 ## $aPT
105 ## $ay z 000gy
106 ## $ar
200 1# $a Um instante na noitre$fPedro Chambel$gposf. António Carlos Cortez
205 ## $a1ª ed
210 #9 $aLisboa$cGato-Bravo,$d2026
215 ## $a118, [2] p.$d21 cm
225 2# $aClaro enigma$v6
700 #1 $aChambel,$bPedro,$f1961-$31768637
702 #1 $aCortês,$bAntónio Carlos,$f1976-$4075$3954367
801 #0 $aPT$bBN$gRPC
966 ## $lBN$mFGMON$x1
966 ## $lBN$mFGMON$x1
971 ## $cisantos$d20260601

OpendataBNP@bnportugal.pt | Mais informação sobre acesso aos dados BNP